| 000 | 00762nam a2200241Ia 4500 | ||
|---|---|---|---|
| 001 | 7435 | ||
| 003 | GE_BSU | ||
| 008 | 181216s||||||||xx |||||||||||||| ||und|| | ||
| 040 | _cGE_BSU | ||
| 080 | _a629.114(035)+629.33 | ||
| 100 | _aДолматовский,Ю.А. Трепененков,И.И. Леоничева,С.К. | ||
| 245 | _aТракторы и автомобили. | ||
| 245 | _bКраткий-справочник. | ||
| 245 | _cРед. П.П.Гребцов. | ||
| 250 | _aИзд. четвертое, исправл. и дополн. | ||
| 260 | _aМ. | ||
| 260 | _bколос. | ||
| 260 | _c1966. | ||
| 300 | _a383 стр. с илл. 21 см. | ||
| 300 | _eтабл. | ||
| 653 | _aТракторы и автомобили. | ||
| 942 | _cBK | ||
| 999 |
_c40795 _d40795 |
||